Phan Triều Hải Truyện ngắn
Tập hợp từ năm tập truyện mỏng đã từng xuất bản, tạo được dấu ấn riêng của nhà văn Phan Triều Hải, gồm: Vào đời (1994), Những linh hồn lạc (1995), Quán bò rừng (1995), Có một người nằm trên mái nhà (1997) và Những con đường không đến...
Wedi'i Gadw mewn:
| Prif Awdur: | |
|---|---|
| Fformat: | Llyfr |
| Iaith: | Undetermined |
| Cyhoeddwyd: |
H.
Nhà văn; Công ty TNHH Phanbook
2018
|
| Pynciau: | |
| Mynediad Ar-lein: | http://lrc.tdmu.edu.vn/opac/search/detail.asp?aID=2&ID=35897 |
| Tagiau: |
Ychwanegu Tag
Dim Tagiau, Byddwch y cyntaf i dagio'r cofnod hwn!
|
| Thư viện lưu trữ: | Trung tâm Học liệu Trường Đại học Thủ Dầu Một |
|---|
| LEADER | 01076nam a2200205Ia 4500 | ||
|---|---|---|---|
| 001 | TDMU_35897 | ||
| 008 | 210410s9999 xx 000 0 und d | ||
| 082 | |a 895.92234 | ||
| 090 | |b PH105 | ||
| 100 | |a Phan, Triều Hải | ||
| 245 | 0 | |a Phan Triều Hải | |
| 245 | 0 | |b Truyện ngắn | |
| 260 | |a H. | ||
| 260 | |b Nhà văn; Công ty TNHH Phanbook | ||
| 260 | |c 2018 | ||
| 300 | |a 492tr. | ||
| 520 | |a Tập hợp từ năm tập truyện mỏng đã từng xuất bản, tạo được dấu ấn riêng của nhà văn Phan Triều Hải, gồm: Vào đời (1994), Những linh hồn lạc (1995), Quán bò rừng (1995), Có một người nằm trên mái nhà (1997) và Những con đường không đến Seattle (2005). | ||
| 650 | |a Văn học hiện đại |v Truyện ngắn |z Việt Nam; Văn học Việt Nam |v Truyện ngắn | ||
| 856 | |u http://lrc.tdmu.edu.vn/opac/search/detail.asp?aID=2&ID=35897 | ||
| 980 | |a Trung tâm Học liệu Trường Đại học Thủ Dầu Một | ||